| 000 | 00861nas a2200277 4500 | ||
|---|---|---|---|
| 001 | BR0900234 | ||
| 003 | BR-BrBNA | ||
| 005 | 20231205113009.0 | ||
| 007 | ta | ||
| 008 | 230509b bl.|||p| |||| 00| 00por d | ||
| 040 |
_aBR-BrBNA _bpor _cBiblioteca Nacional de Agricultura |
||
| 041 | _a(Pt) | ||
| 072 | _aH20 | ||
| 100 | 1 | _aFarias, C.R.J. de | |
| 100 | 1 | _aPonte, E.M. del | |
| 100 | 1 | _aLucca Filho, O.A. | |
| 100 | 1 | _aPierobom, C.R. | |
| 245 | 1 | _aFungos causadores de helmintosporiose associados às sementes de Aveia-preta (Avena strigosa, Schireb). | |
| 650 | _aAVEIA | ||
| 650 | _aFUNGO | ||
| 650 | _aDOENÇA DE PLANTA | ||
| 650 | _aHELMINTOSPORIOSE | ||
| 773 | 0 |
_tRevista Brasileira de Agrociência (Brazil) _xISSN 0104-8996 _g(Jan-Mar 2005), v. 11(1) p. 57-61 _wBR0900234 |
|
| 909 |
_a202311 _bLúcia _c55 _dLúcia Elande |
||
| 942 |
_2AGRIS _n0 _cANA |
||
| 999 |
_c201237 _d201237 |
||